00565 2200193 4500001002100000005001500021035002000036245010500056100002400161250000600185300003500191700001500226260003100241082001200272084001800284020002200302650003000324990001700354INLIS00000000000137020190928020425 a0010-09190000741 aKhalifah Idolaku :bAli Bin Abi Thalib Sang Pemberani /cSamih Athif Ez-Zain; Penerjemah, M. Nurkaib0 aSamih Athif Ez-Zain a- aii, 62 hlm. :bilus. ;c22 cm.0 aM. Nurkaib aJakarta :bErlangga,c2001 a297.648 a297.648 SAM k a978-979-033-979-1 aSahabat Nabi Muhammad SAW a04724/P/2018